Normal view
MARC view
- Three-dimensional imaging in medicine
Entry Topical Term
001 - CONTROL NUMBER
- control field: 132718
003 - CONTROL NUMBER IDENTIFIER
- control field: NUST
005 - DATE AND TIME OF LATEST TRANSACTION
- control field: 20260105173139.0
008 - FIXED-LENGTH DATA ELEMENTS
- fixed length control field: 260105|| aca||aabn | a|a d
040 ## - CATALOGING SOURCE
- Original cataloging agency: NUST
- Transcribing agency: NUST
150 ## - HEADING--TOPICAL TERM
- Topical term or geographic name entry element: Three-dimensional imaging in medicine
670 ## - SOURCE DATA FOUND
- Source citation: Work cat.: (NUST): Kriete, Andres 132717, Visualization in biomedical microscopie:, 1992.
